00346nam a22001217a 4500082002600000100001700026245006500043250001200108260004500120300001300165526003700178650000900215 a330bFABcN-01, P-155 aFabozzi, F.J aCapital markets institutions and instruments /cF.J, Fabozzi a3rd ed. aPakistan :bNational Book Foundation,c. a644 p. : a0b0c0d330_000000000000000_FAB aNUST